[Event "Hunan Belt and Road Open 2019"]
[Site "Hunan"]
[Date "2019.08.06"]
[Round "9.29"]
[White "Wang, Yiye"]
[Black "Xu, Jun"]
[Result "1-0"]
[WhiteElo "2440"]
[BlackElo "2477"]
[Annotator "TA"]
[PlyCount "67"]
[EventDate "2019.07.29"]
[EventType "swiss"]
[EventCountry "CHN"]
[SourceTitle "playchess.com"]
[Source "ChessBase"]
[SourceQuality "1"]

{[%evp 10,67,29,27,43,-4,0,0,6,0,0,0,0,0,0,0,0,0,0,0,14,0,0,0,0,0,0,0,0,0,0,0,0,0,-2,0,0,-5,-7,-10,-15,-30,-6,-6,-9,-27,-27,-32,-29,-31,-27,-27,-27,-27,-11,-27,-27,-42,-35,-61]} 1. Nf3 Nf6 2. g3 d5 3. Bg2 c6 4. O-O Bf5 5. d3 h6 6. c4 dxc4 {A07: Réti Opening: New York and Capablanca Systems} 7. dxc4 (7. Ne5 Nbd7 8. Nxc4 e5 9. Nbd2 Be7 10. b4 O-O 11. a3 Qc7 12. Bb2 Rfe8 13. Rc1 a6 14. Rc2 {½-½ (79) Ganguly,S (2638)-Maghsoodloo,P (2679) chess.com INT 2019}) 7... Qxd1 8. Rxd1 Bc2 {The position is equal.} 9. Rd2 Bh7 10. Rd1 e6 11. Nc3 Nbd7 12. Bf4 Be7 13. Ne5 {[#]} Nxe5 $146 ({Predecessor:} 13... Rd8 14. Nxd7 Rxd7 15. Rxd7 Kxd7 16. Rd1+ Kc8 17. Bd6 Bxd6 18. Rxd6 Rd8 19. Rxd8+ Kxd8 {½-½ (25) Martin,A (2427)-Pert,N (2518) Sunningdale 2007}) 14. Bxe5 O-O 15. Bd6 Bxd6 16. Rxd6 Rfd8 17. Rad1 Rxd6 18. Rxd6 Kf8 19. Rd2 Ke7 20. Kf1 Rd8 21. Ke1 Rxd2 22. Kxd2 $11 {[%mdl 4096] Endgame KBN-KBN} Nd7 23. h3 e5 24. e3 f5 25. h4 g5 26. hxg5 hxg5 27. Bf1 e4 28. Be2 Kf6 29. Nb1 Ke5 30. Kc3 Bg8 31. Nd2 c5 32. a3 Be6 33. b4 b6 34. Bd1 {[%mdl 32768] Accuracy: White = 49%, Black = 87%. . Loss on time!?} 1-0

[Event "Hunan Belt and Road Open 2019"]
[Site "Hunan"]
[Date "2019.08.06"]
[Round "9.30"]
[White "Fang, Yuxiang"]
[Black "Fang, Yan"]
[Result "1/2-1/2"]
[WhiteElo "2476"]
[BlackElo "2424"]
[Annotator "TA"]
[PlyCount "118"]
[EventDate "2019.07.29"]
[EventType "swiss"]
[EventCountry "CHN"]
[SourceTitle "playchess.com"]
[Source "ChessBase"]
[SourceQuality "1"]

{[%evp 18,118,-19,-22,0,0,0,0,39,31,31,32,49,45,41,10,16,5,10,-17,6,5,3,10,91,91,91,97,95,103,84,83,83,83,83,81,100,88,91,84,87,38,33,36,35,23,23,21,23,22,51,56,50,49,51,52,76,72,75,57,59,52,54,57,52,54,52,52,194,193,198,192,211,216,213,200,216,215,201,208,192,9,10,10,11,8,14,12,15,0,0,0,6,0,8,8,8,8,15,8,8,8,43]} 1. Nf3 Nf6 2. c4 e6 3. Nc3 d5 4. d4 Be7 5. g3 O-O 6. Bg2 c6 7. O-O Nbd7 8. b3 b6 9. Qc2 Ba6 10. Rd1 Rc8 {E08: Closed Catalan: Main Line: 7 Qc2} 11. e4 (11. Bf4 h6 12. e4 dxc4 13. Nd2 b5 14. bxc4 bxc4 15. Bf1 Nb6 16. a4 g5 17. Be3 Ng4 18. a5 Nxe3 19. fxe3 Nd7 20. Bxc4 Bb5 {0-1 (63) Wojtaszek,R (2749)-Karjakin,S (2785) Doha 2016}) 11... dxc4 12. Nd2 e5 13. dxe5 Nxe5 14. Nxc4 Qc7 15. Nxe5 Qxe5 16. Bf4 $146 ({Predecessor:} 16. a3 Rcd8 {0-1 (50) Timkin,N (2047)-Mignon,F (2275) ICCF email 2006}) 16... Qe6 $1 17. h3 Rfe8 18. e5 Nh5 19. Qe4 Nxf4 20. gxf4 f6 (20... Red8 $11 {remains equal.}) 21. Qa4 $36 {[%mdl 2048] White is really pushing.} Bb7 22. Qxa7 {[%mdl 64] Double Attack} Rb8 23. Qxb6 Qf5 24. Qe3 fxe5 25. fxe5 Bg5 26. Qe4 Qxe5 27. Qxe5 Rxe5 28. Ne4 c5 29. Nd6 Bxg2 30. Kxg2 Bf6 {Black wants to play ...Rg5+.} 31. Rac1 Re2 32. Rxc5 {Strongly threatening Rdc1.} Rxa2 33. Rdc1 {Rc8+ is the strong threat.} h6 34. Rc8+ Rxc8 35. Rxc8+ $14 {[%mdl 4096] Endgame KRB-KRN} Kh7 36. Ne4 Bd4 37. Rc4 Bb6 38. Rb4 Bd8 39. Rb8 Bh4 40. b4 Rb2 41. b5 Rb4 42. Kf3 Rb3+ {[#]} ({Black should play} 42... Kg6 $14) 43. Kg4 $1 $18 {[%cal Rg4h4]} Be7 44. h4 Kg6 45. h5+ Kf7 46. Rb7 Ke6 47. f4 Bf8 48. Rb8 Be7 {[#]} 49. b6 $2 (49. Rb6+ $1 $18 Kd5 50. Rb7) 49... Rb4 $11 {The position is equal.} 50. b7 {Black must now prevent Rg8.} Kf7 51. Kf3 Rb3+ 52. Ke2 {Threatening Nd2.} Ke6 53. Kd2 Kf5 54. Kc2 Rb4 55. Nc3 {Threatens to win with Nd5.} Bd6 56. Rd8 Bxf4 57. Rf8+ Kg5 58. Nd5 Rxb7 {Hoping for ...Bb8.} 59. Nxf4 Rb4 {Accuracy: White = 64%, Black = 56%.} 1/2-1/2

[Event "Hunan Belt and Road Open 2019"]
[Site "Hunan"]
[Date "2019.08.06"]
[Round "9.31"]
[White "Gan-Erdene, Sugar"]
[Black "Liu, Guanchu"]
[Result "1/2-1/2"]
[WhiteElo "2408"]
[BlackElo "2449"]
[Annotator "TA"]
[PlyCount "71"]
[EventDate "2019.07.29"]
[EventType "swiss"]
[EventCountry "CHN"]
[SourceTitle "playchess.com"]
[Source "ChessBase"]
[SourceQuality "1"]

{[%evp 12,71,0,0,13,-13,-12,-24,-4,-21,-21,-37,-35,-48,-41,-53,0,-10,37,41,55,0,0,0,0,-27,-24,-34,-30,-31,-36,-73,0,2,3,0,0,-23,-18,-78,-1,-132,-11,-8,0,-45,-46,-64,0,-13,0,0,-7,-8,-8,-14,-14,-17,0,-14,-14,-22]} 1. e4 c5 2. Nf3 Nc6 3. Bb5 g6 4. O-O Bg7 5. Nc3 e5 6. Bxc6 bxc6 7. d3 Ne7 {B31: Sicilian: 2...Nc6 3 Bb5 g6} 8. h3 (8. Be3 d6 9. Qd2 h6 10. a3 a5 11. Ne2 Rb8 12. Rfb1 f5 13. exf5 Nxf5 14. b4 axb4 15. axb4 Rxb4 16. Rxb4 cxb4 17. Qxb4 Nxe3 18. fxe3 {1-0 (24) Nepomniachtchi,I (2714)-Grischuk,A (2810) Beijing 2014}) 8... d6 9. Be3 Rb8 {Black has an edge.} 10. Rb1 f5 $146 ({Predecessor:} 10... O-O 11. Qd2 Qe8 12. Bh6 f6 13. Bxg7 Kxg7 14. Nh2 g5 {0-1 (31) Avelar,G (1939)-Fredericia,L (2091) Istanbul 2012}) 11. exf5 gxf5 12. Ng5 O-O 13. f4 {White wants to play fxe5.} h6 14. Nf3 exf4 15. Bxf4 Ng6 16. Be3 (16. Ne2 $14) 16... f4 $11 17. Bf2 Bf5 18. Qd2 Ne5 19. Nxe5 Bxe5 20. d4 cxd4 21. Bxd4 Bxd4+ (21... Qf6 $17 22. Bxe5 dxe5) 22. Qxd4 Bxc2 23. Rbc1 Bg6 24. Qc4+ Kh7 {...Qb6+ is the strong threat.} 25. Rxf4 (25. Rf2 $11 {remains equal.}) 25... d5 (25... Qb6+ $17 26. Kh2 d5) 26. Qa4 {[#]} (26. Qd4 $1 $11) 26... Rxf4 (26... Qb6+ $1 $17 27. Kh2 h5) 27. Qxf4 Rxb2 28. Nd1 (28. Na4 $5 {[%cal Ra4b2]} Rc2 29. Rxc2 Bxc2 30. Qf7+ Kh8 31. Nc5 $11) 28... Qb8 29. Qf6 Rb1 (29... Re2 $1 $15 30. Nf2 (30. Rxc6 $2 Qg3 $19) 30... Qg3) 30. Qxc6 {[#] And now Qd7+ would win.The position is equal.} Rxc1 (30... Qb6+ {feels hotter.} 31. Qxb6 Rxb6 32. Rc7+ Kh8 33. Kf2 Ra6) 31. Qxc1 d4 32. Qc5 Qb6 33. Qxb6 axb6 34. Kf2 Be4 35. g3 Kg6 36. Ke2 {Accuracy: White = 19%, Black = 49%.} 1/2-1/2

[Event "Hunan Belt and Road Open 2019"]
[Site "Hunan"]
[Date "2019.08.06"]
[Round "9.32"]
[White "Xie, Jianjun"]
[Black "Munkhgal, Gombosuren"]
[Result "1/2-1/2"]
[WhiteElo "2417"]
[BlackElo "2442"]
[Annotator "TA"]
[PlyCount "93"]
[EventDate "2019.07.29"]
[EventType "swiss"]
[EventCountry "CHN"]
[SourceTitle "playchess.com"]
[Source "ChessBase"]
[SourceQuality "1"]

{[%evp 35,93,43,64,0,0,-100,0,0,0,0,0,0,0,-207,-246,-201,-198,-289,-291,-302,-297,-279,-34,-35,-27,-273,-235,-227,0,0,0,-33,308,291,412,214,214,197,204,106,113,77,85,0,0,0,0,0,0,0,0,0,0,0,0,0,0,0,0,0]} 1. e4 e6 2. d4 d5 3. Nd2 c5 4. exd5 Qxd5 5. Ngf3 cxd4 6. Bc4 Qd6 7. O-O Nf6 8. Nb3 Nc6 9. Nbxd4 Nxd4 10. Nxd4 a6 11. Re1 Qc7 12. Bb3 Bd6 13. Nf5 Bxh2+ 14. Kh1 O-O 15. Nxg7 Rd8 16. Qf3 Kxg7 17. Bh6+ Kg6 18. c3 Nh5 19. Be3 {C07: French Tarrasch: 3...c5, 4 Ngf3 and 4 exd5 Qxd5} (19. Bc1 $1 $14 f5 20. Bxe6 (20. g3 Bxg3 21. fxg3 Qc6 $11)) 19... f5 $11 20. Bc2 (20. Qh3 $11 {keeps the balance.} Bf4 21. Qh4) (20. Rad1 Rxd1 21. Bxd1 Nf6 22. g3 Bd7 23. Kxh2 Bc6 24. Qe2 Re8 25. Qc4 Ne4 26. Bf3 b5 {½-½ (42) Pichot,A (2552)-Le,Q (2737) Caleta 2018}) 20... Bf4 $146 (20... Nf6 $1 $17 {...Kg7 is the strong threat.} 21. g3 Bxg3 $1 {[%mdl 512]}) ({Predecessor:} 20... Bd7 21. Qg4+ Kf6 22. Qg5+ {1-0 (22) Gerasimov,I (2329)-Benza,A (2369) Sochi 2015}) 21. g4 Bxe3 22. gxh5+ Kf7 23. Rxe3 Bd7 24. Be4 $2 (24. Bxf5 $11 exf5 25. Qd5+ Kf6 26. Qd4+ Kf7 27. Qd5+ Kf6 28. Qd4+ Kf7 29. Qd5+) 24... Rg8 $1 $19 {[%cal Rg8g4] Strongly threatening ...Rg4.} 25. Rd1 {And now Bxf5! would win.} Rg5 $1 26. Rg1 (26. Red3 $142 Bb5 27. c4 Qxc4 28. Rd4 (28. Bxf5 $2 Rxf5 29. Qh3 Qc2 $19)) 26... Rxg1+ 27. Kxg1 Rg8+ 28. Kf1 {[#]} Bb5+ $2 (28... Rg4 $1 $19 29. h6 Bb5+ 30. Ke1 Qd6) 29. Bd3 $15 Bc6 30. Qe2 $2 (30. Be4 $1 $11) 30... Qf4 31. Bc4 Rg4 $2 (31... Qh2 $19 {[%cal Rh2h1]} 32. Ke1 (32. Bxe6+ $2 Kf6 $19) 32... Rg1+ 33. Kd2 Be4) 32. Bxe6+ $11 Kf6 33. Bb3 Be4 $2 {[%mdl 8192]} (33... Bb5 $15 {keeps the upper hand.} 34. c4 Bxc4 35. Bxc4 Qxc4) 34. Qd2 $18 {Intending Qd8+ and mate.} Qc7 (34... Ke7 $142 35. Qd5 b5 36. Qe6+ Kd8 37. Qxa6 Rh4 38. Qb6+ Ke7 39. Qe6+ Kd8 40. Qg8+ Kc7 41. Qxh7+ Kc6 42. Qg6+ Kc5) 35. Rg3 (35. f3 $142 Rf4 36. Qg2) 35... Rxg3 36. fxg3 {Threatens to win with Qh6+.} ({Weaker is} 36. Qh6+ {[#]} Rg6 $1 $11 {[%mdl 512]}) 36... f4 37. gxf4 (37. Qd4+ $18 Qe5 38. gxf4 Qxd4 39. cxd4) 37... Kf5 $16 38. Ke1 Qxf4 39. Qd7+ ({White should play} 39. a3 $16) 39... Kg5 $11 {The position is equal.} 40. Qe7+ Kxh5 41. Bd1+ Kh6 42. Qe6+ Bg6 43. Qh3+ Kg7 44. Qd7+ Qf7 45. Qd4+ Qf6 46. Qd7+ Qf7 47. Qd4+ {Accuracy: White = 41%, Black = 50%.} 1/2-1/2

[Event "Hunan Belt and Road Open 2019"]
[Site "Hunan"]
[Date "2019.08.06"]
[Round "9.33"]
[White "Zou, Chen"]
[Black "Setyaki, Azarya Jodi"]
[Result "1-0"]
[WhiteElo "2440"]
[BlackElo "2409"]
[Annotator "TA"]
[PlyCount "97"]
[EventDate "2019.07.29"]
[EventType "swiss"]
[EventCountry "CHN"]
[SourceTitle "playchess.com"]
[Source "ChessBase"]
[SourceQuality "1"]

{[%evp 15,97,50,51,40,33,31,45,52,56,52,60,52,44,46,48,22,29,21,37,0,30,-6,0,-38,-28,-33,21,28,71,77,66,66,112,110,107,105,104,106,104,106,121,82,110,114,135,132,153,154,165,158,269,265,260,262,274,258,263,250,234,246,246,247,268,249,387,373,429,391,388,402,621,614,619,599,597,552,872,775,1449,827,989,990,887,885]} 1. e4 e5 2. Nf3 Nc6 3. Bb5 a6 4. Ba4 d6 5. c3 f5 6. exf5 Bxf5 7. O-O Bd3 8. Re1 Be7 9. Qb3 {C74: Ruy Lopez: Deferred Steinitz: 5 c3 f5} (9. Bc2 Bxc2 10. Qxc2 Nf6 11. d4 e4 12. Ng5 d5 13. Nd2 Nh5 14. Ndxe4 dxe4 15. Qxe4 Nf6 16. Qc2 Qd7 17. Ne6 Kf7 18. Bf4 Rhc8 19. Qb3 Qd5 20. Nxc7 Qxb3 21. axb3 {1-0 (44) Kamsky,G (2666)-Sychev,K (2537) St Petersburg 2018}) 9... b5 10. Qd5 $1 {[%csl LRc6,LRd3][%mdl 64] [#] Double Attack} Qd7 $1 {Strongly threatening ...Bc4.} 11. Qxd3 {Black must now prevent Bc2.White is slightly better.} bxa4 12. Qc2 Nf6 13. d3 $1 O-O 14. Nbd2 Rae8 15. Nf1 $146 ({Predecessor:} 15. Qxa4 d5 16. Qc2 Bc5 17. Nb3 Bd6 18. Be3 e4 19. dxe4 dxe4 20. Nfd2 Ng4 21. h3 Rxf2 22. Bxf2 Bh2+ 23. Kf1 {½-½ (23) Istlajevs,V (2432)-Ninov,N (2550) ICCF email 2016}) 15... Nd8 $1 16. Ng3 Ne6 17. Qd1 Qc6 18. d4 e4 $1 19. Nxe4 Nxe4 20. d5 {[%mdl 64] [#] Double Attack} Qc4 (20... Nxf2 $1 $15 {[%mdl 512]} 21. Kxf2 Qb6+ 22. Be3 Nc5) 21. dxe6 $11 Bd8 22. Nd2 Nxd2 23. Bxd2 Rxe6 24. Rxe6 Qxe6 25. Qxa4 Qe2 26. Qb3+ Kh8 27. Be3 Bh4 {[%cal Rh4f2]} 28. g3 Bf6 29. Rc1 $40 {[%mdl 128] White has strong attack.} Be5 30. Qc2 Qc4 31. b3 Qg4 32. Qd3 Qf3 (32... h5 $16 33. Bd4 (33. Qxa6 h4 $16) 33... Bxd4 34. cxd4 Rf7) 33. Qxa6 $18 Ra8 34. Qb5 h5 35. a4 h4 36. Qc4 hxg3 37. Qh4+ {[%mdl 64] Double Attack, Zwischenzug} ({But not} 37. hxg3 $6 Bxg3 38. Qf1 (38. Qxc7 $2 Rf8 $19) 38... Be5) 37... Kg8 38. hxg3 Qd5 39. Qh1 Qa5 (39... Qxh1+ $142 40. Kxh1 Kf7) 40. Qc6 Bf6 41. Kg2 Rf8 42. b4 Qf5 (42... Qa8 $142 43. Qxa8 Rxa8) 43. a5 {White is clearly winning.} Bg5 {Hoping for ...Bxe3.} 44. Bxg5 Qxf2+ 45. Kh1 Rf3 46. Qe8+ Kh7 47. Qh5+ Kg8 48. Qh2 Qa7 49. Re1 {Accuracy: White = 75%, Black = 51%.} 1-0

[Event "Hunan Belt and Road Open 2019"]
[Site "Hunan"]
[Date "2019.08.06"]
[Round "9.34"]
[White "Batsiashvili, Nino"]
[Black "Li, Shilong"]
[Result "1/2-1/2"]
[WhiteElo "2433"]
[BlackElo "2457"]
[Annotator "TA"]
[PlyCount "203"]
[EventDate "2019.07.29"]
[EventType "swiss"]
[EventCountry "CHN"]
[SourceTitle "playchess.com"]
[Source "ChessBase"]
[SourceQuality "1"]

{[%evp 11,203,12,22,0,15,6,16,18,31,18,35,0,22,30,20,-16,-17,-29,-29,-63,-61,-105,-81,-98,-98,-107,-94,-100,-77,-80,-75,-82,-47,-81,-34,-22,-26,-29,0,-20,58,-62,-55,-98,-50,-53,126,113,233,231,306,291,287,-135,-8,-1,0,0,-19,-12,-15,-46,-26,-45,-54,-143,-129,-142,-137,-141,-135,-342,-333,-327,-315,-307,-293,-359,-200,-200,-200,-200,-161,-161,0,-200,-200,-200,-200,-200,-200,-200,-200,-200,-200,-200,-177,-200,-200,-200,-200,-200,-200,-200,-200,-200,-206,-212,-212,-212,-212,-212,-212,-212,-212,-212,-16,-21,-8,-197,-8,-61,-60,-56,-46,-57,8,-20,0,0,0,0,18,18,37,31,43,43,43,47,47,47,47,47,47,20,57,10,159,157,154,119,407,406,371,374,432,432,427,427,422,400,318,20,24,20,20,20,20,0,0,0,8,8,16,-24,-24,-25,-24,-25,-8,-8,-8,-8,-8,-8,-8,-8,-8,-8,-8,-8,-8,-8]} 1. c4 Nf6 2. Nc3 e5 3. Nf3 Nc6 {[%cal Bb8c6,Bc6d4,Bd4e2][%mdl 32]} 4. e4 d6 5. d4 Bg4 6. d5 Nd4 7. Be2 {A28: English Opening: Four Knights Variation} Nxe2 8. Qxe2 Be7 (8... g6 9. h3 Bd7 10. Bg5 Bg7 11. O-O-O a6 12. a3 Qe7 13. Kb1 h6 14. Be3 c5 15. dxc6 Bxc6 {1-0 (58) Gajewski,G (2648)-Socko,B (2623) Poznan 2015}) 9. h3 Bd7 10. Be3 O-O 11. g4 $146 ({Predecessor:} 11. O-O-O c5 12. g4 Ne8 13. Rdg1 a6 14. g5 b5 {1-0 (29) Isaksen,B-Barda,Y Esbjerg 1976}) 11... c5 12. Nd2 a6 13. Nf1 {[#]} b5 $1 {[%mdl 512]} 14. Ng3 (14. cxb5 axb5) 14... bxc4 15. f3 Ne8 16. h4 Rb8 17. Kf1 Nc7 18. a4 Rb4 19. Nf5 Re8 20. Rh2 Na8 21. Qc2 Bf8 22. h5 Qa5 23. g5 Nc7 24. Ra2 Rb3 25. Bd2 Qb6 (25... Qb4 $11) 26. g6 (26. Ne3 $1 $14) 26... Rb8 $1 $36 {[%cal Rb3b2][%mdl 2048] Black has good play.} 27. Bc1 fxg6 ({Much weaker is} 27... hxg6 $6 28. hxg6 fxg6 29. Nh4 $11) 28. hxg6 hxg6 $2 (28... h6 $1 $15 {keeps the upper hand.}) 29. Nh4 $1 $16 {[%cal Rh4g6]} Be8 (29... Be7 $16 {was called for.}) 30. Qg2 $1 $18 Rxc3 31. bxc3 Qb1 32. Qc2 $2 (32. Qg5 $18) 32... Be7 (32... g5 $1 $17 {[%cal Rg5h4]} 33. Nf5 Nxd5 $1 {[%mdl 512]} 34. exd5 Bg6) 33. Rb2 $11 Qxc2 34. Rhxc2 Rb3 35. Ng2 $1 Bxa4 36. Ne3 Rxb2 37. Rxb2 Bb3 $1 38. Rb1 (38. Rg2 $15) 38... a5 $1 $17 39. Ra1 a4 40. Kf2 Nb5 41. Nxc4 $2 (41. Bb2 $17) 41... Bxc4 $19 42. Rxa4 Bh4+ 43. Kg2 Be2 44. Bd2 Kf7 (44... g5 $142 45. Ra5 Kf7) 45. Kh3 Be7 46. Kg3 Nc7 47. Ra7 Nb5 $2 (47... Ne8 $19 48. Kf2 Bd1) 48. Rb7 $2 (48. Ra4 $1 $11) 48... Ke8 $1 49. Rb8+ Kd7 $1 50. Rh8 Nc7 51. Rh2 Bb5 52. Kf2 Ke8 53. Rh8+ Bf8 54. Rh1 Bd3 55. Ra1 Be7 $1 56. Kg3 Nb5 57. Ra8+ Kd7 58. Rh8 Na3 59. Rh7 Nb1 60. Be1 Bf6 61. Kg4 Kc7 62. Rh8 Kb7 63. Rf8 Kb6 $2 (63... Na3 $19 {...Nc4 is the strong threat.} 64. Bh4 Nb5 65. Rf7+ Kb6) 64. Rb8+ $1 $11 Ka5 65. Rb7 $2 (65. Rb3 $11 {and White stays safe.}) 65... Ka4 $2 (65... Na3 $1 $19 66. Ra7+ Ba6) 66. Rd7 ({White should try} 66. Rb6 $11) 66... Kb3 $15 67. Rxd6 Nxc3 68. Rb6+ Kc4 ({Black should play} 68... Kc2 $1 $15 69. Rc6 Na4) 69. d6 (69. Rxf6 $5 Nxe4 70. Ra6 (70. Rxg6 Nf2+ {[%mdl 64] Discovered Attack} 71. Kh5 Bxg6+ 72. Kxg6 Kxd5 $11) 70... Nf6+ {[%mdl 64] Double Attack} 71. Kg5 $11) 69... Bc2 70. d7 Ba4 71. Rd6 Bxd7+ (71... Bd8 {feels hotter.} 72. Bh4 Bxh4 73. Kxh4 Bxd7 74. Rxd7 Ne2) 72. Rxd7 $11 {[%mdl 4096] Endgame KRB-KBN} Nb5 73. Bg3 Nd4 74. f4 exf4 75. Bxf4 {Strongly threatening e5.} Nc6 76. Rd5 {[%mdl 1024] White has compensation.} Nb4 77. Rd6 {And now e5 would win.} Nd3 78. Kf3 g5 79. Bg3 {aiming for Kg4.} Kc3 (79... Ne5+ $11 80. Ke3 Ng4+ 81. Kf3 Ne5+ 82. Kf2 Ng4+ 83. Kf3 Ne5+) 80. Rd5 $16 Kc4 81. Kg4 Nb4 $2 {[%mdl 8192]} (81... g6 $16 82. Kf3 Be7) 82. Rd6 $1 $18 Kb5 83. e5 Be7 {[#]} 84. Rd7 $1 {[%cal Rd7e7]} Nc6 85. Kf5 c4 {[#] intending ...c3.} 86. Be1 $1 g4 87. Rd5+ $2 (87. Ke4 $18) 87... Ka4 $1 $11 88. Kxg4 Kb3 89. Kf5 {Threatens to win with Rb5+.} c3 90. Rb5+ Kc4 91. Rb7 {Black must now prevent Rc7.} c2 92. Bd2 Ba3 93. e6 Nd4+ 94. Kg6 Nxe6 {Hoping for ...Kd3.} 95. Be3 Kd5 96. Rb3 {The position is equal.} c1=Q (96... Bc5 {keeps more tension.} 97. Rb2 Bxe3 98. Rxc2 Bf4 99. Rb2 Be5) 97. Bxc1 Bxc1 98. Rb5+ Kc6 99. Rb1 Bh6 100. Rh1 Bf4 101. Re1 Kd7 {[#]} 102. Rxe6 $1 {[%mdl 576] Remove Defender. Accuracy: White = 48%, Black = 44%.} 1/2-1/2